Quiz sull'uranio - Statistics

Statistiche generali
  • Questo quiz è stato fatto 3 volte
  • Il punteggio medio è 4 su 5
Statistiche sulle risposte
Domanda Risposta % Corretto
L'uranio è presente sulla crosta terrestre? Si
100%
L'uomo ha mai ingerito uranio? Si
100%
Qual è il simbolo dell'uranio? U
100%
Qual è il suo numero atomico 92
50%
Qual è il punto di fusione dell'uranio? 1132°C
0%
Nessun quiz corrispondente trovato
Distribuzione punteggi
Percentuale di utenti per punteggio
Percentile per numero di risposta
I tuoi punteggi nel tempo
Non hai fatto questo quiz